00900nam a2200253 4500999001500000001000600015003000900021005001700030008004100047020001900088040003800107082001600145100002500161245008100186250001200267260005100279300003300330504006600363650003800429650002600467700001800493942001200511952012300523 c8420d842022130BD-DhUAP20240313125016.0061027s2007 maua b 001 0 eng  a97881265517473 aBD-DhUAPcBD-DhUAPdBD-DhUAPbEng00a415 COO2221 aCook, Vivian,d1940-10aChomsky's universal grammar :ban introduction /cV.J. Cook and Mark Newson. a3rd ed. aMalden, MA ;aOxford :bBlackwell Pub.,c2007. avi, 326 p. :bill. ;c26 cm. aIncludes bibliographical references (p. [310]-318) and index. 0aGrammar, Comparative and general. 0aLanguage acquisition.1 aNewson, Mark. 2ddccBK 00102ddc4070aUAPCLbUAPCLcGeneral Stacksd2024-03-13o415 COOp3010022130r2024-03-13t1v1125.00w2024-03-13yBK